|
|
|
|
| LEADER |
00000cam a2200000Mi 4500 |
| 001 |
JSTOR_on1036768613 |
| 003 |
OCoLC |
| 005 |
20231005004200.0 |
| 006 |
m o d |
| 007 |
cr cnu---unuuu |
| 008 |
180519s2018 enk o 000 0 eng d |
| 040 |
|
|
|a EBLCP
|b eng
|e pn
|c EBLCP
|d YDX
|d JSTOR
|d CNCGM
|d OCLCF
|d OCLCQ
|d N$T
|d NLE
|d INT
|d OCLCQ
|d AU@
|d UKAHL
|d OCLCQ
|d VLB
|d VLY
|d MM9
|d OCLCO
|d OCLCQ
|d OCLCO
|
| 019 |
|
|
|a 1035747474
|a 1036108897
|a 1162557187
|
| 020 |
|
|
|a 9781786802392
|q (electronic bk.)
|
| 020 |
|
|
|a 1786802392
|q (electronic bk.)
|
| 020 |
|
|
|z 0745399169
|
| 020 |
|
|
|z 9780745399164
|
| 020 |
|
|
|a 1786802406
|
| 020 |
|
|
|a 9781786802408
|
| 035 |
|
|
|a (OCoLC)1036768613
|z (OCoLC)1035747474
|z (OCoLC)1036108897
|z (OCoLC)1162557187
|
| 037 |
|
|
|a 22573/ctvqhrgj
|b JSTOR
|
| 050 |
|
4 |
|a HD30.4
|
| 072 |
|
7 |
|a SOC
|x 026000
|2 bisacsh
|
| 082 |
0 |
4 |
|a 658.4/07124
|2 23
|
| 049 |
|
|
|a UAMI
|
| 100 |
1 |
|
|a Parker, Martin.
|
| 245 |
1 |
0 |
|a Shut Down the Business School :
|b What's Wrong with Management Education.
|
| 260 |
|
|
|a London :
|b Pluto Press,
|c 2018.
|
| 300 |
|
|
|a 1 online resource (225 pages)
|
| 336 |
|
|
|a text
|b txt
|2 rdacontent
|
| 337 |
|
|
|a computer
|b c
|2 rdamedia
|
| 338 |
|
|
|a online resource
|b cr
|2 rdacarrier
|
| 588 |
0 |
|
|a Print version record.
|
| 505 |
0 |
|
|a Cover; Contents; Acknowledgements; Preface; 1. What Goes On in Business Schools?; 2. Teaching Capitalism; 3. What's Wrong with Management?; 4. What's Wrong with the Business School?; 5. The Business School and the University; 6. What is 'Management' Anyway?; 7. The School for Organizing; 8. The Politics of Organizing; 9. What Do Students Want?; 10. The Business School of Tomorrow; Notes; Index.
|
| 520 |
|
|
|a A clarion call to shut down the business school!
|
| 504 |
|
|
|a Includes bibliographical references and index.
|
| 590 |
|
|
|a JSTOR
|b Books at JSTOR All Purchased
|
| 590 |
|
|
|a JSTOR
|b Books at JSTOR Evidence Based Acquisitions
|
| 590 |
|
|
|a JSTOR
|b Books at JSTOR Demand Driven Acquisitions (DDA)
|
| 650 |
|
0 |
|a Management
|x Study and teaching.
|
| 650 |
|
0 |
|a Business schools.
|
| 650 |
|
6 |
|a Gestion
|x Étude et enseignement.
|
| 650 |
|
6 |
|a Écoles de commerce.
|
| 650 |
|
7 |
|a SOCIAL SCIENCE
|x Sociology
|x General.
|2 bisacsh
|
| 650 |
|
7 |
|a Business schools
|2 fast
|
| 650 |
|
7 |
|a Management
|x Study and teaching
|2 fast
|
| 776 |
0 |
8 |
|i Print version:
|a Parker, Martin.
|t Shut Down the Business School : What's Wrong with Management Education.
|d London : Pluto Press, ©2018
|
| 856 |
4 |
0 |
|u https://jstor.uam.elogim.com/stable/10.2307/j.ctvqhtj8
|z Texto completo
|
| 938 |
|
|
|a Askews and Holts Library Services
|b ASKH
|n AH34567460
|
| 938 |
|
|
|a Askews and Holts Library Services
|b ASKH
|n AH34567459
|
| 938 |
|
|
|a EBL - Ebook Library
|b EBLB
|n EBL5391175
|
| 938 |
|
|
|a EBSCOhost
|b EBSC
|n 1810536
|
| 938 |
|
|
|a YBP Library Services
|b YANK
|n 15362054
|
| 938 |
|
|
|a YBP Library Services
|b YANK
|n 15366371
|
| 994 |
|
|
|a 92
|b IZTAP
|